000 01415nam2a2200241 4500
001 rc\2918114
005 20260315054558.0
035 _a(NLR Aleph) 007068417
090 _a13594750
_c13594750
100 _a20110811d1935 u y0rusy50 ca
101 0 _arus
102 _aRU
105 _aa z |||||
200 0 _aВып. 2
_fЗакавказск. науч.-исслед. ин-т животноводства. ЗАКНИИЖ
210 _aТифлис
_cЗакгиз
_d1935
215 _a54 с.
_cтабл.
320 _aБиблиогр. в конце отд. статей
461 0 _1001rc\2918112
_12000#$aТруды Лорийской зональной станции молочного хозяйства$eВып. 1-$fНар. ком. зем. ССР Армении. Ин-т реконструкции сельск. хозяйства$vВып. 2
_96355784
_aЛорийская зональная станция молочного хозяйства
_cТифлис
_d1933
_fНар. ком. зем. ССР Армении. Ин-т реконструкции сельск. хозяйства
_nИн-т реконструкции сельского хоз-ва Армении
_oВып. 1-
_tТруды Лорийской зональной станции молочного хозяйства
_vВып. 2
801 0 _aRU
_bNLR
_gpsbo
801 1 _aRU
_bELAR
_2rusmarc
852 _aNLR
_j34-18/648
942 _cUNSPEC
980 _aNB